000 00741nam a2200277Ia 4500
008 160716s9999||||xx |||||||||||||| ||und||
040 _cMarathi
082 _aXV.E/Dhondge
082 _bBORI-90127
100 _aMuktabai Keshav Dhondge
245 _aMisa Antargat Jelmadhil Muqt Vichar Manthan
260 _aKandhar
260 _bM.V.shendge
300 _a76
300 _cB
300 _ePaperback
530 _u00090127.pdf
563 _aReference
600 _aMuktabai Keshav Dhondge
630 _aMisa Antargat Jelmadhil Muqt Vichar Manthan
650 _aCollected works
650 _aReference
700 _aMuktabai Keshav Dhondge
730 _aMisa Antargat Jelmadhil Muqt Vichar Manthan
942 _cBOOK
999 _c1399186
_d1399183